[Event "World Junior U20 Open 2018"]
[Site "Gebze"]
[Date "2018.09.06"]
[Round "2.52"]
[White "Kara, Yanki"]
[Black "Priasmoro, Novendra"]
[Result "1/2-1/2"]
[WhiteElo "2262"]
[BlackElo "2498"]
[Annotator "TA"]
[PlyCount "70"]
[EventDate "2018.09.05"]
[EventType "swiss"]
[EventCountry "TUR"]
[SourceTitle "playchess.com"]
[Source "ChessBase"]
[SourceQuality "1"]

{[%evp 16,70,25,37,51,-20,-29,-20,-22,-43,-24,-26,-13,-14,-15,-26,-13,-22,-15,-14,0,-8,-7,-12,-12,-14,-18,-28,-19,-19,-22,-25,-29,-78,-48,-164,-143,-138,-99,-104,-64,-102,-29,-26,-34,-23,-15,-38,-10,-30,-28,-22,-39,-70,-14,-37,-7]} 1. d4 d6 2. c4 e5 3. Nf3 Nd7 4. Nc3 Ngf6 5. e4 g6 6. Bg5 Bg7 7. Be2 O-O 8. O-O h6 9. Be3 {LiveBook: 9 Games} Re8 {E94: King's Indian: Classical: 6 Be2 e5 7 0-0: Various Black 7th moves} 10. Nd2 $146 (10. d5 $14) ({Predecessor:} 10. d5 Ng4 11. Bd2 f5 12. g3 Ngf6 13. exf5 gxf5 14. Qc1 Kh7 15. Nh4 Nc5 16. Qc2 e4 17. b4 {1-0 (37) Sandipan,C (2555)-Loxine,J (2409) Germany 2017}) 10... Ng4 $11 11. d5 Nxe3 {The position is equal.} 12. fxe3 a5 13. Bg4 Rf8 14. Qe2 h5 15. Bh3 Bh6 16. Rf3 Kg7 17. Raf1 Qe7 18. Nb3 {[%cal Bd2b3,Bb3c1,Bc1a2,Ba2c3,Bc3a4,Ba4b6,Bb6c4][%mdl 32]} a4 19. Nc1 Nb6 20. Bxc8 Raxc8 21. b3 axb3 22. axb3 c6 23. N1a2 cxd5 24. Nxd5 Nxd5 25. cxd5 (25. exd5 $15 e4 26. Rf6) 25... Rc7 26. Qd3 Bg5 27. Nc3 Qd7 28. Na4 {[#]} Qe8 (28... b5 $1 $17 {[%cal Rb5a4]} 29. Nc3 Rc5) 29. Nb6 f6 30. Rd1 Kh6 31. Nc4 Qd8 32. g3 {Black should prevent h4.} Kg7 33. h4 Bh6 34. Kh2 Rcf7 (34... b5 $15 35. Na5 Qd7) 35. Rdf1 Kg8 {Precision: White = 22%, Black = 51%.} 1/2-1/2

[Event "World Junior U20 Open 2018"]
[Site "Gebze"]
[Date "2018.09.06"]
[Round "2.53"]
[White "Zarubitski, Viachaslau"]
[Black "Lee, Jun Hyeok"]
[Result "1/2-1/2"]
[WhiteElo "2425"]
[BlackElo "2263"]
[Annotator "TA"]
[PlyCount "143"]
[EventDate "2018.09.05"]
[EventType "swiss"]
[EventCountry "TUR"]
[SourceTitle "playchess.com"]
[Source "ChessBase"]
[SourceQuality "1"]

{[%evp 12,143,36,31,32,25,41,41,33,32,52,45,41,39,46,39,39,20,47,41,37,26,26,25,29,12,24,10,14,18,18,12,13,6,18,0,10,0,0,0,8,0,0,0,0,0,0,0,6,10,13,0,2,0,0,0,44,39,25,0,0,0,0,0,0,0,0,0,0,0,0,0,0,0,0,0,0,0,0,0,0,-2,0,-3,0,0,0,-8,-8,-8,-8,-8,-8,-8,-8,-8,-8,-8,-8,-8,-8,-8,-8,-8,-8,-8,-8,-8,-8,-8,-8,-8,-8,-8,-8,-8,0,-8,-8,-8,-8,-8,-8,-8,-8,-8,-8,-8,-8,-8,-8,-8,-8,-8]} 1. e4 c6 2. Nf3 d5 3. Nc3 dxe4 4. Nxe4 Nf6 5. Qe2 Nxe4 6. Qxe4 Be6 {B11: Caro-Kann (Zweispringer-Variante)} 7. b3 {LiveBook: 6 Partien} Nd7 8. Bb2 Bd5 {Weiß hat minimalen Vorteil.} 9. Qe3 Bxf3 $146 ({Vorgänger:} 9... e6 10. O-O-O Bc5 11. d4 Bxf3 12. Qxf3 Be7 13. h4 Qa5 14. Kb1 {0-1 (36) Vallejo Pons,F (2698)-Eljanov,P (2723) Dubai 2014}) 10. Qxf3 e6 11. O-O-O a5 12. a4 Nf6 13. h4 h5 14. Bc4 Bd6 15. Rh3 Qe7 16. Kb1 O-O-O 17. Qe2 Rd7 18. Rd3 Rhd8 19. g3 Ba3 20. Rxd7 Rxd7 21. Ba1 Bb4 22. Be5 Bd6 23. Bb2 Ba3 24. Bxa3 Qxa3 25. Qe5 Qb4 26. c3 Qb6 27. d4 c5 28. Kb2 cxd4 29. cxd4 Rc7 30. Bb5 Kb8 $1 31. Rc1 Ng4 $132 {[%mdl 2048] Schwarz puts up resistance} 32. Qxg7 {Schwarz muss nun Txc7 beachten.} Rxc1 33. Kxc1 Nxf2 34. Qe5+ Ka7 35. Bc4 Qb4 {Die Stellung ist ausgeglichen.} 36. Kc2 ({Ein No Go ist} 36. Qxh5 Qc3+ 37. Kb1 Ne4 $17) 36... Ng4 37. Qc5+ (37. Qxh5 {seems wilder.} Ne3+ 38. Kd3 Nxc4 39. bxc4 Qxa4 40. Qc5+) 37... Qxc5 38. dxc5 $11 {[%mdl 4096] Endspiel KL-KS} Ne3+ 39. Kd3 Nf5 40. Ke4 {[#] zielt auf Kf4 ab.} Nxg3+ 41. Kf4 Nf5 42. Kg5 Ng3 43. Kf4 $1 {[%cal Rf4g3]} Nf5 44. Kg5 Ng3 45. Kf6 Nf5 46. Kxf7 Nxh4 47. Kxe6 Ng2 48. Kd6 h4 49. Bd5 Nf4 50. Bf3 Nd3 51. Be4 Nb4 52. Ke5 Kb8 53. Bg2 Kc7 54. Kd4 Nc2+ 55. Kc3 Ne3 56. Bf3 h3 57. b4 axb4+ 58. Kxb4 Nf5 59. a5 h2 {[#]} 60. a6 $1 {[%mdl 512]} Nd4 (60... bxa6 $5 61. Ka5 $8 Nh6 $11) 61. Bh1 bxa6 {Droht stark ...Kb8.} 62. Ka5 Nb3+ 63. Kb4 Nd4 {Und ...Kb8 würde nun gewinnen.} (63... Nc1 {is interesting.} 64. Ka5 Nd3 65. Kxa6 Nf2 66. Bd5 Ng4) 64. Ka5 Ne6 (64... Nf5 {keeps more tension.} 65. Kxa6 Ng3 66. Bg2 Ne2 67. Bh1 Nd4) 65. Kxa6 Nxc5+ (65... Nd4 {looks sharper.} 66. Ka5 Nf5 67. Kb5 Ng3 68. Bf3 h1=Q) 66. Kb5 Kd6 67. Kc4 Ne6 68. Kd3 Ke5 69. Ke3 Nd4 70. Kf2 Kf4 71. Kg2 Nf3 72. Kh3 {Precision: Weiß = 75%, Schwarz = 85%.} 1/2-1/2

[Event "World Junior U20 Open 2018"]
[Site "Gebze"]
[Date "2018.09.06"]
[Round "2.54"]
[White "Macovei, Andrei"]
[Black "Wong, Yinn Long"]
[Result "1/2-1/2"]
[WhiteElo "2385"]
[BlackElo "2261"]
[Annotator "TA"]
[PlyCount "83"]
[EventDate "2018.09.05"]
[EventType "swiss"]
[EventCountry "TUR"]
[SourceTitle "playchess.com"]
[Source "ChessBase"]
[SourceQuality "1"]

{[%evp 14,83,44,47,44,40,42,37,49,47,60,56,46,47,53,60,70,43,56,31,45,0,35,35,39,37,35,32,62,41,79,80,93,81,98,95,113,109,131,117,113,52,123,72,72,0,0,0,0,0,19,37,170,152,5489,4,2,10,36,26,27,30,12836,12829,12837,12837,12836,0,0,0,0,0]} 1. e4 c5 2. Nf3 g6 3. c3 Bg7 4. d4 cxd4 5. cxd4 d5 6. e5 Bg4 7. Bb5+ {B27: Sicilian: 2 Nf3, unusual Black 2nd moves} Nd7 8. Nbd2 {LiveBook: 9 Games} (8. O-O e6 9. Nbd2 Ne7 10. h3 Bxf3 11. Nxf3 a6 12. Bd3 O-O 13. h4 f6 14. exf6 Bxf6 {1-0 (37) Andreikin,D (2736)-Savchenko,B (2613) Sochi 2016}) 8... Bxf3 9. Qxf3 {White is slightly better.} ({Of course not} 9. gxf3 a6 $11) 9... a6 10. Bd3 e6 11. O-O Ne7 12. Qh3 $146 ({Predecessor:} 12. Qe2 Qb6 13. Nf3 Nf5 14. Bxf5 exf5 {1-0 (51) Gavrilescu,D (2437)-Reich,T (2373) Zadar 2017}) 12... Qb6 13. Nf3 h6 14. Be3 Nf5 15. Bxf5 exf5 16. Rac1 Nf8 17. Rc3 Ne6 18. Rb3 Qc7 19. Rc1 Qd7 20. Rbc3 Rd8 21. g3 Kf8 22. Ne1 $36 {[%mdl 2048] Keeping Black busy.} f6 23. f4 Kf7 24. Qg2 fxe5 25. fxe5 Bf8 26. Nd3 Be7 27. g4 (27. Nf4 $16) 27... Bg5 (27... fxg4 $1 $14 28. Qxg4 Kg7) 28. Bxg5 (28. Qf3 $142) 28... hxg5 $16 29. gxf5 (29. Nc5 $16 Nxc5 30. Rxc5) 29... gxf5 $11 30. Nc5 Nxc5 31. Rxc5 {Threatens to win with Rc7.} Qe6 32. Rc7+ ({Avoid the trap} 32. Qxg5 $2 Rhg8 $19) 32... Kg6 (32... Rd7 $1 $14) 33. Rxb7 $18 Rc8 $2 (33... Rd7 $16 34. Rb3 Rh4) 34. Rbc7 $2 (34. Rxc8 $18 Rxc8 35. h4 Rc1+ 36. Kh2) 34... Rxc7 $11 35. Rxc7 {[%mdl 4096] Endgame And now Qc2 would win. KQR-KQR} Rc8 36. Qc2 Rxc7 37. Qxc7 {KQ-KQ} f4 $2 {[%mdl 8192] [#]} (37... a5 $11) 38. Qd6 $1 $18 {[%cal Rd6e6]} Qxd6 39. exd6 Kf6 {[#]} 40. Kg2 $2 (40. b4 $1 $18 Ke6 41. a4) 40... Ke6 $11 41. Kf3 Kxd6 42. Kg4 {Precision: White = 57%, Black = 40%.} 1/2-1/2

[Event "World Junior U20 Open 2018"]
[Site "Gebze"]
[Date "2018.09.06"]
[Round "2.55"]
[White "Tuna, Alp"]
[Black "Murphy, Conor E"]
[Result "1/2-1/2"]
[WhiteElo "2253"]
[BlackElo "2357"]
[Annotator "TA"]
[PlyCount "100"]
[EventDate "2018.09.05"]
[EventType "swiss"]
[EventCountry "TUR"]
[SourceTitle "playchess.com"]
[Source "ChessBase"]
[SourceQuality "1"]

{[%evp 19,100,0,2,-42,23,37,50,0,68,12,33,37,34,27,47,46,56,23,94,2,13,7,39,0,0,0,0,0,0,-24,-30,-73,-75,-92,-21,-22,-16,-18,-18,-67,-24,-97,-97,-100,-94,-119,-93,-112,-98,-107,-95,-67,-56,-68,-29,-61,-36,-65,-56,-63,-56,-49,-25,-134,0,-31,0,0,0,0,0,0,0,0,0,0,0,0,0,0,0,0,0]} 1. d4 {Moradiabadi,E} d5 2. Bf4 Nf6 3. e3 c5 4. c3 Nc6 5. Nd2 e6 6. Ngf3 cxd4 7. exd4 {D02: 1 d4 d5 2 Nf3 sidelines, including 2...Nf6 3 g3 and 2...Nf6 3 Bf4} Nh5 8. Be3 Bd6 9. Ne5 g6 10. g4 Ng7 {LiveBook: 15 Games} 11. Ndf3 $146 ({Predecessor:} 11. h4 Nxe5 12. dxe5 Bxe5 13. Nf3 Bf6 14. h5 O-O {½-½ (30) Kamsky,G (2659)-Nakamura,H (2793) Saint Louis 2017 CBM 178 [Moradiabadi,E]}) 11... h5 (11... f6 $15 12. Nxc6 bxc6) 12. Bg5 $11 Qb6 13. Bf6 Rg8 (13... Bxe5 $11 14. Nxe5 Qxb2) 14. Qd2 ({White should try} 14. h3 $14) 14... hxg4 15. Nxg4 {[#] Strongly threatening Nh6.} Nh5 $1 16. Nfe5 Nxe5 17. dxe5 Bc5 18. O-O-O Kd7 (18... a5 $11) 19. Bg2 (19. Bg5 $16) 19... Kc7 20. Bg5 a5 21. Bf3 Bd7 22. Kb1 Bc6 23. h4 Rac8 24. Rh2 Kb8 25. Nf6 Nxf6 26. Bxf6 d4 ({Better is} 26... Rc7 $17) 27. Bxc6 {Hoping for Bf3.} dxc3 28. Qxc3 Rxc6 29. Qb3 Bxf2 (29... Rgc8 {looks sharper.} 30. Qxb6 Bxb6 31. f3 Be3 32. Rhh1 Bf4) 30. Be7 (30. Qxb6 $11 {remains equal.} Bxb6 31. Rhd2) 30... Qxb3 $17 31. axb3 Bc5 32. Bf6 Rgc8 33. h5 gxh5 34. Rxh5 Be3 35. Rh7 Rc1+ 36. Rxc1 Rxc1+ $15 {[%mdl 4096] Endgame KRB-KRB} 37. Ka2 Bd4 (37... Rc2 $5 {[%cal Re3d4]} 38. Rxf7 Bc5 $17) 38. Rxf7 Rc2 {Threatens to win with ...b5.} 39. Rd7 Rxb2+ 40. Ka3 Bc3 {aiming for ...b5.} 41. Rd6 (41. Rd3 $11 Rc2 42. Ka4) 41... Ka7 (41... b5 $17 42. Rb6+ Kc7 43. Rxb5 Rc2) 42. Ka4 Bb4 43. Rxe6 {The position is equal.} Ra2+ 44. Kb5 {Bd8 is the strong threat.} Rc2 {( -> ...Rc5+)} 45. Be7 $1 {[%cal Re7b4]} Rc6 46. Rxc6 bxc6+ 47. Kxc6 {White wants to mate with Bxb4.} Bxe7 48. Kb5 Bb4 49. e6 Kb7 {[#]} 50. e7 $1 {[%mdl 512]} Bxe7 {Precision: White = 24%, Black = 44%.} 1/2-1/2

[Event "World Junior U20 Open 2018"]
[Site "Gebze"]
[Date "2018.09.06"]
[Round "2.56"]
[White "Bashirli, Nail"]
[Black "Noboa, Kevin"]
[Result "1/2-1/2"]
[WhiteElo "2354"]
[BlackElo "2256"]
[Annotator "TA"]
[PlyCount "124"]
[EventDate "2018.09.05"]
[EventType "swiss"]
[EventCountry "TUR"]
[SourceTitle "playchess.com"]
[Source "ChessBase"]
[SourceQuality "1"]

{[%evp 16,124,0,-10,20,-21,0,0,10,17,14,20,29,24,47,53,45,44,42,0,83,89,96,25,27,-10,-11,-12,-13,-11,-8,-64,0,-45,0,0,0,0,0,0,0,0,0,0,0,0,3,0,0,0,21,0,50,56,76,76,76,77,77,4,37,37,37,38,34,0,0,0,0,0,55,55,79,0,0,0,0,0,0,0,0,0,0,0,0,0,10,0,0,0,42,0,0,0,0,0,0,0,0,0,0,0,0,0,0,0,0,0,0,0,0]} 1. e4 e6 2. d3 d5 3. Qe2 Nf6 4. Nf3 dxe4 5. dxe4 b6 6. e5 {C00: French: Unusual White 2nd moves} Ba6 7. c4 Nfd7 8. Nc3 Nc6 9. Bf4 {LiveBook: 3 Games} Qc8 $146 ({Predecessor:} 9... Bb4 10. Qc2 Qe7 11. a3 Bxc3+ 12. Qxc3 O-O-O 13. b4 {1-0 (27) Fedorov,A (2555)-Baklan,V (2651) Calimanesti 2014}) 10. g3 Bb7 11. Bg2 Nd4 12. Nxd4 Bxg2 13. Rg1 Bb7 14. O-O-O Be7 15. Rge1 O-O 16. Qg4 {[#] And now Nxe6! would win.} Rd8 $1 17. Nd5 Bxd5 ({But not} 17... exd5 $2 18. Nf5 $18) (17... Bf8 $1 $11 {keeps the balance.} 18. Nc3 Nc5) 18. cxd5 $16 Nf8 19. dxe6 (19. Bh6 $16 {[%csl Gh6][%cal Rg4g7]} Ng6 20. Nc6) 19... Nxe6 $11 20. Nf5 (20. Nc6 {is interesting.} Rxd1+ 21. Qxd1 Bc5 22. Qd5 a5 23. Be3) 20... Rxd1+ 21. Rxd1 Qe8 22. Be3 Bf8 23. h4 (23. Qc4 $11) 23... Kh8 (23... Rd8 $15 24. Kb1 Rxd1+ 25. Qxd1 Qc6) 24. h5 h6 25. Qc4 Rd8 26. Rxd8 Qxd8 27. Nd4 Nxd4 28. Qxd4 Qe8 29. Qd5 c6 30. Qe4 Qe6 31. b3 Ba3+ 32. Kc2 Be7 33. f4 f5 34. Qd3 Kg8 35. Qa6 Qd7 36. Qc4+ Kf8 37. Bd4 ({Better is} 37. b4 $16) 37... c5 (37... b5 $5 {[%cal Rb5c4]} 38. Qc3 a6 $14) 38. Bc3 b5 39. e6 Qc6 40. Qe2 Bf6 41. Bxf6 gxf6 {[%mdl 4096] Endgame KQ-KQ} 42. Qd3 Qxe6 (42... Ke7 $11) 43. Qxb5 $14 Qe4+ {[#]} 44. Kb2 ({White should play} 44. Qd3 $1 $16) 44... Qd4+ $1 $11 45. Ka3 Ke7 $1 46. Qc4 {next Qxd4 is good for White.} Kd6 47. Qa6+ Kd5 48. Qb7+ Kd6 49. Qb8+ Kc6 50. Qc8+ Kb6 51. Qb8+ Ka6 52. Qc8+ Kb6 53. Qe6+ Kb5 {The position is equal.} 54. Qxf5 Qb4+ 55. Kb2 {a4+ is the strong threat.} Qd4+ 56. Kc2 Qf2+ 57. Kc1 Qg1+ 58. Kd2 Qf2+ 59. Kc1 Qg1+ 60. Kc2 Qf2+ 61. Kb1 Qg1+ 62. Kb2 {Hoping for Qd7+.} Qd4+ $1 {Precision: White = 51%, Black = 55%.} 1/2-1/2

[Event "World Junior U20 Open 2018"]
[Site "Gebze"]
[Date "2018.09.06"]
[Round "2.57"]
[White "Nalbant, Tuna Onat"]
[Black "Wadsworth, Matthew J"]
[Result "1-0"]
[WhiteElo "2241"]
[BlackElo "2351"]
[Annotator "TA"]
[PlyCount "79"]
[EventDate "2018.09.05"]
[EventType "swiss"]
[EventCountry "TUR"]
[SourceTitle "playchess.com"]
[Source "ChessBase"]
[SourceQuality "1"]

{[%evp 27,79,81,64,0,12,0,11,0,0,0,-4,-16,0,0,0,-12,-18,-16,-19,-20,-22,0,-25,-15,0,0,0,-84,-77,-162,-129,-180,-165,-498,-270,-350,-333,-1589,-714,-497,-473,-1222,-362,-341,-358,-319,-331,-331,-309,-263,-58,-49,-19,-29]} 1. e4 c5 2. Nf3 e6 3. d4 cxd4 4. Nxd4 Nc6 5. Nc3 Qc7 6. f4 a6 7. Nxc6 Qxc6 8. Bd3 b5 9. Qe2 Bb7 10. Bd2 Nf6 11. e5 {B47: Sicilian: Taimanov: 5 Nc3 Qc7 6 f4, 6 g3 and 6 Be2} b4 12. exf6 bxc3 13. Bxc3 gxf6 14. O-O-O Be7 {LiveBook: 3 Games} 15. g4 $146 ({Better is} 15. Rhg1 $14) ({Predecessor:} 15. Rhg1 h5 16. g3 Qf3 17. Qd2 Qc6 18. Kb1 d5 {1-0 (53) Kadric,D (2471)-Bilobrk,F (2390) Zadar 2013}) 15... Qa4 16. Rhf1 Rc8 17. Kb1 Rxc3 $1 18. bxc3 Bd5 {[#] Hoping for ...Ba3.} 19. Kc1 Qa3+ 20. Kd2 O-O 21. Qe3 {Threatens to win with Qh3.} Rc8 22. Qh3 Qxc3+ 23. Ke2 Be4 24. Qe3 Bg2 25. Rf2 $1 {[%cal Rf2g2]} Qc6 26. Qg3 $1 {[%cal Rg3g2]} Be4 27. Qe3 (27. Kf1 $1 $11) 27... d5 $36 {[%mdl 3072] White must now prevent ...Bc5. Black has strong compensation. Black is on the roll.} 28. Rff1 (28. Bxe4 $17 dxe4 29. Qb3) 28... Bc5 29. Qg3 {[#]} (29. Qh3 $17 {keeps fighting.}) 29... Qa4 $1 $19 30. Qh4 $2 (30. c4 {is tougher.}) 30... Bd4 (30... Bb4 $142 31. Rc1 Ba3 32. Qxf6 Bxc1 33. Qg5+ Kf8 34. Rxc1 Bxd3+ 35. Kxd3 Qe4+ 36. Kd2 Qg2+ 37. Kd1 Qh1+ 38. Kd2 Qxh2+ 39. Kd1 h6) 31. Rd2 Bc3 32. Rdd1 $2 (32. Rfd1) 32... Qxa2 (32... Ba5 $142 33. Kf2 Rxc2+ 34. Kg3 Bxd3 35. Rxd3 Qe4) 33. Qg3 Bb4 34. Bxe4 (34. Rc1 $142 Rc3 35. Rf3) 34... Rxc2+ $2 (34... dxe4 35. Kf2 Rc3) 35. Bxc2 Qxc2+ 36. Rd2 ({Not} 36. Kf3 $2 Qe4+ 37. Kf2 Bc5+ 38. Qe3 Qxf4+ 39. Kg2 Qxe3 $19) 36... Qxd2+ 37. Kf3 a5 38. Qf2 {White hopes to continue with Qxd2.} Qxf2+ $2 (38... Qd3+ $19 39. Kg2 a4) 39. Rxf2 $15 e5 40. Rc2 {[%mdl 32768] Precision: White = 28%, Black = 57%. . Loss on Time!?} 1-0

[Event "World Junior U20 Open 2018"]
[Site "Gebze"]
[Date "2018.09.06"]
[Round "2.58"]
[White "Yilmaz, Goktan"]
[Black "Galperin, Platon"]
[Result "0-1"]
[WhiteElo "2237"]
[BlackElo "2348"]
[Annotator "ChessBase"]
[PlyCount "86"]
[EventDate "2018.09.05"]
[EventType "swiss"]
[EventCountry "TUR"]
[SourceTitle "playchess.com"]
[Source "ChessBase"]
[SourceQuality "1"]
[TimeControl "40/5400+30:1800+30"]

1. e4 {[%emt 0:00:30]} c5 {[%emt 0:00:30]} 2. Nf3 {[%emt 0:00:30]} e6 {[%emt 0:00:00]} 3. d4 {[%emt 0:00:00]} cxd4 {[%emt 0:00:00]} 4. Nxd4 {[%emt 0:00:00]} Nc6 {[%emt 0:00:30]} 5. Nc3 {[%emt 0:00:30]} Qc7 {[%emt 0:00:30]} 6. f4 {[%emt 0:00:30]} Nxd4 {[%emt 0:00:30]} 7. Qxd4 {[%emt 0:00:30]} b6 {[%emt 0:00:00]} 8. Be3 {[%emt 0:14:30]} Bb7 {[%emt 0:00:00]} 9. Be2 {[%emt 0:00:30]} Nf6 {[%emt 0:01:30]} 10. O-O-O {[%emt 0:10:30]} Bc5 {[%emt 0:01:30]} 11. Qd3 {[%emt 0:04:30]} Ba6 {[%emt 0:00:00]} 12. Qd2 {[%emt 0:01:30]} Bxe3 {[%emt 0:00:00]} 13. Qxe3 {[%emt 0:00:00]} Bxe2 {[%emt 0:00:00]} 14. Nxe2 {[%emt 0:01:00]} Rc8 {[%emt 0:00:00]} 15. Nc3 {[%emt 0:05:30]} b5 {[%emt 0:03:30]} 16. Rd2 {[%emt 0:03:30]} Qb7 {[%emt 0:08:30]} 17. Re1 {[%emt 0:10:30]} b4 {[%emt 0:03:30]} 18. Nd1 {[%emt 0:00:30]} d5 {[%emt 0:09:30]} 19. Nf2 {[%emt 0:01:30]} O-O {[%emt 0:01:30]} 20. e5 {[%emt 0:04:30]} Nd7 {[%emt 0:00:30]} 21. Qh3 {[%emt 0:01:30]} Rc4 {[%emt 0:01:30]} 22. f5 {[%emt 0:04:30]} exf5 {[%emt 0:01:30]} 23. Qxf5 {[%emt 0:02:30]} Nc5 {[%emt 0:00:00]} 24. Kb1 {[%emt 0:02:30]} Ne6 {[%emt 0:13:00]} 25. Red1 {[%emt 0:02:30]} a5 {[%emt 0:05:30]} 26. Qf3 {[%emt 0:03:30]} Rf4 {[%emt 0:00:30]} 27. Qe2 {[%emt 0:01:30]} d4 {[%emt 0:10:30]} 28. Nd3 {[%emt 0:03:30]} Re4 {[%emt 0:02:30]} 29. Qf3 {[%emt 0:00:00]} Qd5 {[%emt 0:01:30]} 30. h4 {[%emt 0:03:13]} Rd8 {[%emt 0:00:30]} 31. Rf1 {[%emt 0:00:48]} Rd7 {[%emt 0:01:30]} 32. h5 {[%emt 0:00:50]} h6 {[%emt 0:02:30]} 33. Re2 {[%emt 0:02:44]} Ng5 {[%emt 0:03:30]} 34. Qf2 {[%emt 0:00:05]} a4 {[%emt 0:06:30]} 35. Qe1 {[%emt 0:02:20]} b3 {[%emt 0:02:30]} 36. cxb3 {[%emt 0:00:05]} axb3 {[%emt 0:00:30]} 37. a3 {[%emt 0:00:13]} Re3 {[%emt 0:08:23]} 38. Qd1 {[%emt 0:04:46]} Qc4 {[%emt 0:06:13]} 39. e6 {[%emt 0:01:20]} Rxd3 {[%emt 0:02:37]} 40. exd7 {[%emt 0:01:40]} Rxd1+ {[%emt 0:00:00]} 41. Rxd1 {[%emt 0:00:26]} Ne6 {[%emt 0:01:17]} 42. Ree1 {[%emt 0:00:30]} Qc7 {[%emt 0:00:30]} 43. Rxe6 {[%emt 0:00:30]} Qc2+ {[%emt 0:00:30]} 0-1

[Event "World Junior U20 Open 2018"]
[Site "Gebze"]
[Date "2018.09.06"]
[Round "2.59"]
[White "Pigeat, Alexandre"]
[Black "Thilakarathne, G M H"]
[Result "0-1"]
[WhiteElo "2347"]
[BlackElo "2238"]
[Annotator "TA"]
[PlyCount "104"]
[EventDate "2018.09.05"]
[EventType "swiss"]
[EventCountry "TUR"]
[SourceTitle "playchess.com"]
[Source "ChessBase"]
[SourceQuality "1"]

{[%evp 17,104,12,14,17,13,18,12,10,19,27,15,20,29,49,40,17,16,0,8,10,41,-39,-28,-108,-81,-211,-129,-143,-139,-180,-141,-506,-511,-532,-508,-470,-343,-541,-536,-632,-631,-632,-617,-1099,-615,-4827,-4822,-29983,-29984,-29991,-29992,-29992,-29991,-29991,-29992,-29992,-29991,-29991,-29992,-29992,0,-596,0,-29992,-29993,-29993,-29983,-29983,-29980,-29979,-29979,-29979,-29980,-29978,-29979,-29979,-29980,-29985,-29986,-29987,-29988,-29990,-29986,-29986,-29987,-29987,-29988,-29994,-29995]} 1. d4 Nf6 2. c4 e6 3. Nc3 Bb4 {[%cal Bf8b4,Bb4a5,Ba5c7][%mdl 32]} 4. e3 O-O 5. Nge2 c6 (5... Re8 6. a3 Bf8 7. d5 d6 8. g3 exd5 9. cxd5 c5 10. Bg2 Nbd7 11. O-O c4 12. Nd4 Nc5 13. Qe2 Nd3 14. b3 Nxc1 15. Rfxc1 cxb3 {½-½ (74) Caruana,F (2822)-So,W (2780) Saint Louis 2018}) 6. a3 {E46: Nimzo-Indian: Rubinstein: 4 e3 0-0 5 Ne2 without early Bd3} Ba5 7. b4 Bc7 8. e4 d6 9. Ng3 a5 {LiveBook: 7 Games} 10. Rb1 axb4 11. axb4 c5 $146 ({Predecessor:} 11... e5 12. d5 Bb6 13. Be2 {0-1 (44) Romanov,E (2611)-Efimenko,Z (2689) Eilat 2012}) 12. Be2 Nc6 13. bxc5 dxc5 {Strongly threatening ...Ba5.} 14. d5 Nd4 15. O-O exd5 16. exd5 Re8 17. Be3 Nxe2+ 18. Ncxe2 Bg4 19. Rxb7 (19. Qd3 $14) 19... h5 $15 {[%cal Bh7h5,Bh5h4,Bh4h3][%mdl 32]} 20. Qd3 (20. h3 $11 {keeps the balance.} Bc8 21. Rxc7 Qxc7 22. Bg5) 20... h4 $1 $17 21. Nh1 (21. Nf5 $17) 21... h3 ({Don't play} 21... Qd6 22. g3 $17) 22. Nhg3 hxg2 23. Rfb1 Bc8 24. R7b3 $2 {[%mdl 8192] [#]} (24. Kxg2 $17 {is a better chance.} Bxb7 25. Rxb7) 24... Ng4 $1 $19 25. h3 Nxe3 26. fxe3 Ra2 {Threatens to win with ...Bxg3.} 27. e4 (27. d6 {was worth a try.} Bxd6 28. Rb6) 27... Be5 28. Ra3 Rxa3 29. Qxa3 Qh4 30. Rb3 Bxh3 {And now ...f5! would win.} 31. Qxc5 Ra8 {( -> ...Ra1+)} 32. Ra3 Rb8 33. Kh2 Rb1 {[%csl Gg2][%cal Rb1h1]} 34. Ng1 Bf5+ 35. Kxg2 Bxe4+ 36. Nxe4 Qh2+ 37. Kf3 Qf4+ 38. Kg2 Qh2+ (38... Qxe4+ $142 39. Kh3 f5 40. Ra8+ Kh7 41. Rh8+ Kxh8 42. Qc8+ Kh7 43. Qxf5+ Qxf5+ 44. Kh4 Rxg1 45. c5 Rh1#) 39. Kf3 {aiming for Qc8+.} Qf4+ $40 {[%mdl 128] Black is up to no good.} (39... Qh1+ $19 40. Ke3 Qxg1+ 41. Nf2 Qg3+ 42. Ke2 Rb2+ 43. Kf1 {[#]} Rxf2+ $1 {[%mdl 512]} 44. Qxf2 Qxa3) 40. Kg2 Qxe4+ {Black mates.} 41. Nf3 Rb2+ 42. Qf2 Qg4+ 43. Kf1 Qxc4+ 44. Kg1 Rxf2 {[%csl Gf2][%cal Rc4f1]} 45. Ra8+ Kh7 {[%csl Gf2][%cal Rc4f1]} 46. Kxf2 Qxd5 47. Ra6 Qc5+ 48. Kg2 Qc2+ 49. Kh3 Qf5+ 50. Kg2 Qg4+ 51. Kf2 Bg3+ 52. Kg1 Bh4+ {Precision: White = 33%, Black = 69%.} 0-1